000
002510000a22000970004500
100
1
_a
Caballero, Antonio (1945- )
245
1
0
_a
Corrupción : Lo malo y lo bueno
300
_a
Vol. 77, Núm 77 (1994), Páginas 22-26
773
0
_t
Cambio 16
942
_c
ANA
999
_c
58709
_d
58709